Statistics for A Level Biology - Biological Molecules 2.2

Click here to take the quiz!

General Stats

  • This quiz has been taken 247 times
  • The average score is 10 of 19

Answer Stats

DefinitionKeyword% Correct
Reaction that occurs when two molecules are joined together with the removal of waterCondensation
89%
Reaction that occurs when a molecule is split into two smaller molecules with the addition of waterHydrolysis
88%
A large molecule made from many smaller molecules called monomersPolymer
87%
A small molecule which binds to many other identical molecules to form a polymerMonomer
82%
A group of molecules containing C, H and OCarbohydrates
63%
A weak interaction that can occur wherever molecules contain a slightly negatively charged atom bonded to a slightly positively charged hydrogen atomHydrogen bond
63%
A group of substances that are soluble in alcohol rather than water. They include triglycerides, phospholipids, glycolipids and cholesterolLipids
63%
Molecule consisting of glycerol, two fatty acids and one phosphate groupPhospholipid
62%
The overall three-dimensional shape of a protein molecule. Its shape arises due to interactions including hydrogen bonding, disulfide bridges, ionic bonds and hydrophobic interactionsTertiary structure
62%
A bond formed when two amino acids are joined by a condensation reactionPeptide bond
60%
The coiling or folding of an amino acid chain, which arises often as a result of hydrogen bond formation between different parts of the chain. For example, alpha helixes and beta pleated sheetSecondary structure
60%
A bond formed between two monosaccharides by a hydrolysis reactionGlycosidic bond
54%
The sequence of amino acids found in a moleculePrimary structure
50%
Monomers of all proteins, and all amino acids have the same basic structureAmino acids
29%
Has molecules of a relatively spherical shape, which are soluble in water, and often have metabolic roles within the organismGlobular protein
28%
Has a relatively long, thin structure, is insoluble in water and metabolically inactive, often having a structural role within an organismFibrous protein
26%
A non-protein component that forms a permanent part of a functioning protein moleculeProsthetic group
24%
Protein structure where protein consists of more than one polypeptide chain. For example, insulinQuarternary structure
22%
A very large, organic moleculeMacromolecule
17%

Score Distribution

Percentile by Number Answered

Percent of People with Each Score

Your Score History

You have not taken this quiz